Statistiken für Nina Chuba - Glatteis (lyrics)

Klicken Sie hier um das Quiz zu spielen!

Allgemein

  • Dieses Quiz wurde 32 mal gespielt
  • Das Durchschnittsergebnis liegt bei 202 aus 267

Antwortstatistiken

Antwort% Korrekt
Glatteis,
100%
Glatteis
100%
ich
96%
Ich
96%
km/h
96%
Mh-mh
96%
mh-mh-mh
96%
200
91%
da
91%
du
91%
du,
91%
du?
91%
im
91%
immer
91%
mich
91%
Mit
91%
wenn
91%
aufs
87%
Autobahn
87%
der
87%
dir,
87%
dir
87%
ein,
87%
ein
87%
ein'n
87%
fahr
87%
uns
87%
was
87%
Was
87%
zu
87%
das
83%
dich
83%
eine
83%
führ
83%
ist
83%
Ist
83%
kann
83%
mir
83%
passier'n?
83%
schon
83%
wir
83%
alles
78%
Dann
78%
dieses
78%
für
78%
in
78%
letzte
78%
Mal
78%
noch
78%
nur
78%
nur,
78%
Nur
78%
um
78%
und
78%
Wo
78%
damit
74%
Dreh
74%
(drift, drift, drift, drift)
74%
egal,
74%
Egal
74%
Funke
74%
leisten,
74%
passier'n?
74%
Preis
74%
rein,
74%
scheißegal
74%
soll
74%
(trifft, trifft, trifft, trifft)
74%
Weißt
74%
Dein
70%
dreh'n
70%
jetzt
70%
Kreis
70%
nochma'
70%
bist
65%
Bist
65%
Dass
65%
hin?
65%
kurzen
65%
nicht
65%
als
61%
Ausrutscher
61%
Gaspedal,
61%
kollidier'n
61%
Komm
61%
Komm,
61%
(Lichtblick, Lichtblick)
61%
verlier'n
61%
bisschen
57%
Brauche
57%
drück
57%
(Drü-, drü-, drü-)
57%
muss
57%
okay,
57%
war
57%
allerletzten
52%
fühl
52%
gegen
52%
lügst,
52%
meins,
52%
schweigst
52%
vermeiden
52%
wach?
52%
Wort
52%
zwei,
52%
Beifahrer,
48%
deine
48%
Deine
48%
Dunst,
48%
einsam
48%
ja,
48%
Ja,
48%
ja
48%
keiner
48%
Straße,
48%
Vermisse
48%
vorbeifahr,
48%
an,
43%
Dritte
43%
Einfahrt,
43%
Grauer
43%
wieder
43%
Etage,
39%
Friere
35%
ruf
35%

Verteilung der Resultate

Perzentil nach korrekt beantworteten Fragen

Anzahl Personen mit jedem Resultat

Ihre Resultats-Entwicklung

Sie haben dieses Quiz noch nicht gespielt